Οικολογία και αριστερά : για τη σχέση της φύσης με την κοινωνία στην κρίση και μετά

Αποθηκεύτηκε σε:
Λεπτομέρειες βιβλιογραφικής εγγραφής
Μορφή: Βιβλίο
Γλώσσα:Greek
Δημοσίευση: Αθήνα : Νήσος : Ινστιτούτο Νίκος Πουλαντζάς, c2014.
Σειρά:Παρεμβάσεις ; 17
Θέματα:
Ετικέτες: Προσθήκη ετικέτας
Δεν υπάρχουν, Καταχωρήστε ετικέτα πρώτοι!

MARC

LEADER 00000cam a2200000 a 4500
001 1/124527
008 220318s2014####gr | ||| |||| ||gre||
020 |a 9789609535823 
040 |a GR-MyUa  |b gre  |c GR-MyUa  |e AACR2 
041 0 |a gre 
082 7 |a 304.2   |2 (23) 
245 0 0 |a Οικολογία και αριστερά :   |b για τη σχέση της φύσης με την κοινωνία στην κρίση και μετά /   |c επιμέλεια Τάσος Χοβαρδάς.  
260 |a Αθήνα :   |b Νήσος :   |b Ινστιτούτο Νίκος Πουλαντζάς,   |c c2014.  
300 |a 143 σ. ;   |c 21 εκ.  
490 1 |a (Παρεμβάσεις ;   |v 17)  
650 0 |a Environmental policy. 
650 0 |a Political ecology. 
650 0 |a Human ecology. 
650 0 |a Social ecology. 
830 0 |a Παρεμβάσεις  |v  ; 17  
852 |a INST  |b LESVOS  |e 20220318  |h 304.2 OIK  |p 005100063625  |q 005100063625  |t BK  |y 0 
970 |a Καμάτσου  |b Δέσποινα  |z 18-03-2022